Enfermedades alérgicas 5/6

Bibliographic Details
Other Authors: Fireman, Philip (Director), Folch Pi, Alberto (traductor)
Format: Kit
Language:Spanish
Series:Clínicas Pediátricas de Norteamérica volumen 5/6
Subjects:

MARC

LEADER 00000csc a2200000 a 4500
001 21261-5
005 20230308214754.0
008 990052|1988 ||||||||r|||||||||||spa||
020 |a 9682514568 
040 |b spa 
041 1 |a spa 
082 0 |a 618.9 
245 |a Enfermedades alérgicas  |c Philip Fireman director; Alberto Folch Pi traductor  |h imp  |n 5/6 
264 |a México  |b Interamericana  |c 1988 
300 |a XIII, pp 1033-1264  |b ilu 
300 |c 22x16 cm 
310 |a Trimestral 
490 |a Clínicas Pediátricas de Norteamérica  |v volumen 5/6 
504 |a incl. ref. 
650 1 |a Hipersensibilidad  |9 85862 
650 |a Alérgenos  |9 277671 
650 |a Pruebas de alergia  |9 299775 
650 |a Asma  |9 105750 
650 |a Tos crónica  |9 233620 
650 |a Broncopasmo  |9 299776 
650 |a Rinitis alérgica  |9 299579 
650 |a Otitis media  |9 158872 
650 |a Sinusitis crónica  |9 297531 
650 |a Alergia a fármacos  |9 299777 
650 |a Morbilidad   |9 2525 
700 |a Fireman, Philip  |e director  |9 299778 
700 |a Folch Pi, Alberto  |e traductor  |9 84001 
773 |t Enfermedades alérgicas 
852 |a UC-SALUD  |c ESTANTERIA ABIERTA  |f Compra  |k teresa.bermeoh  |l 1  |m General  |p 19900529/20130417  |q S/. 11.000  |t 21261-5  |b 0  |d CDRS  |e CDRS  |g 618.9 ESTANTERIA ABIERTA  |z 1990-00-52 
942
999 |c 129106  |d 129106